[Event "CICC Open"]
[Site "Calgary CAN"]
[Date "2009.05.15"]
[Round "2"]
[White "Neven,K"]
[Black "Kaminski,V"]
[Result "0-1"]
[WhiteElo "2199"]
[BlackElo "2244"]

1.d4 Nf6 2.Bg5 e6 3.Nd2 c5 4.e3 cxd4 5.exd4 Be7 6.Bd3 b6 7.Ngf3 Bb7 8.O-O d6
9.c3 Nbd7 10.Re1 O-O 11.a4 a6 12.Qe2 Re8 13.Rad1 Qc7 14.Bc2 Nf8 15.Ne4 Nxe4
16.Bxe4 Bxe4 17.Qxe4 d5 18.Qd3 Bd6 19.Bh4 Rec8 20.Bg3 Bxg3 21.hxg3 Qc4 22.Qxc4 Rxc4
23.Ra1 a5 24.Ne5 Rc7 25.Ra3 f6 26.Nd3 Kf7 27.f3 Rc6 28.Kf2 Ng6 29.g4 h6 30.g3 Ne7
31.Ke2 Nc8 32.Raa1 Nd6 33.Kd2 Rac8 34.Rac1 Rc4 35.b3 R4c6 36.Re3 f5 37.Nf2 b5
38.axb5 Nxb5 39.Rd3 a4 40.bxa4 Nd6 41.Nd1 Nc4+ 42.Ke2 Rb8 43.Rc2 Rb1 44.Ra2 Ra6
45.Rdd2 Nxd2 46.Kxd2 e5 47.Kc2 Rb7 48.Nb2 exd4 49.cxd4 Rc6+ 50.Kd2 Rb4 51.a5 Ra6
52.Nd3 Rb5 53.Rc2 Rbxa5 54.Rc7+ Ke8 55.Rc8+ Kd7 56.Rc2 Ra7 57.Nc5+ Kd6 58.Nd3 Ra2
59.Nb2 Kd7  0-1

[Event "CICC Open"]
[Site "Calgary CAN"]
[Date "2009.05.15"]
[Round "3"]
[White "Moloney,N"]
[Black "Kustar,S"]
[Result "0-1"]
[WhiteElo "2210"]
[BlackElo "2335"]

1.d4 Nf6 2.Bg5 e6 3.e4 h6 4.Bxf6 Qxf6 5.Nf3 g6 6.Nc3 Bg7 7.Qd2 d6 8.O-O-O a6
9.e5 Qe7 10.Qf4 Nd7 11.Bd3 b5 12.Be4 Rb8 13.Bc6 d5 14.h4 Rb6 15.Bxd7+ Bxd7
16.Qe3 Bf8 17.g4 c5 18.dxc5 Qxc5 19.Qxc5 Bxc5 20.Nd4 h5 21.g5 Ke7 22.Rh3 Rc8
23.Nce2 Rb7 24.Kb1 Rbc7 25.f4 b4 26.Rh2 Bb6 27.Nc1 Rc4 28.Nce2 a5 29.Rg2 Ra8
30.Rg3 Bc8 31.Rgd3 Ba6 32.R3d2 Rac8 33.Rc1 R4c7 34.Rcd1 a4 35.Re1 Bxe2 36.Rexe2 Rc4
37.a3 bxa3 38.bxa3 Rc3 39.Nb5 Rf3 40.Nd6 Rf1+ 41.Kb2 Rb8  0-1

[Event "BHTelecom Open"]
[Site "Sarajevo BIH"]
[Date "2009.05.15"]
[Round "5"]
[White "Runic,Z"]
[Black "Pavlovic,Milos"]
[Result "1-0"]
[WhiteElo "2443"]
[BlackElo "2511"]

1.d4 Nf6 2.Bg5 e6 3.e4 h6 4.Bxf6 Qxf6 5.Nf3 d6 6.Nc3 Nd7 7.Qd2 a6 8.O-O-O Qd8
9.h4 b5 10.g4 c5 11.dxc5 Nxc5 12.Qd4 Qb6 13.a3 Rb8 14.Be2 b4 15.axb4 Qxb4
16.Qxb4 Rxb4 17.Nd2 Bb7 18.f3 d5 19.exd5 exd5 20.Na2 Rb6 21.c3 a5 22.Rhe1 Be7
23.Bf1 Ne6 24.h5 O-O 25.Kc2 Bc6 26.Rb1 Bg5 27.Nc1 Rc8 28.Kd1 Ba4+ 29.b3 Rxc3
30.Ra1 Bb5 31.Rxa5 Rbc6 32.Bxb5 Rxc1+ 33.Ke2 Nd4+ 34.Kd3 Nxb5 35.Re8+ Kh7
36.Rxb5 R6c3+ 37.Ke2 R3c2 38.Rxd5 Rh1 39.f4 Bxf4 40.Rdd8 Rxd2+  1-0

[Event "XXVIII Open"]
[Site "Zalakaros HUN"]
[Date "2009.05.15"]
[Round "8"]
[White "Istvanovszki,M"]
[Black "Tesik,C"]
[Result "1/2-1/2"]
[WhiteElo "2183"]
[BlackElo "2145"]

1.d4 Nf6 2.Bg5 e6 3.Nd2 c5 4.dxc5 Bxc5 5.e3 O-O 6.Ngf3 b6 7.Bd3 Bb7 8.c3 d5
9.Qc2 h6 10.h4 Nbd7 11.g4 e5 12.Bh7+ Kh8 13.Bf5 e4 14.Nd4 Ne5 15.N2b3 Nd3+
16.Kd2 Ba6 17.f4 Bc4 18.Rag1 Qd6 19.Bxf6 Qxf6 20.g5 Qd6 21.gxh6 gxh6 22.Ne2 Bxb3
23.axb3 Qf6 24.Bh3 Rg8 25.Qb1 a5 26.Bd7 Qd6 27.Bh3 b5 28.Rxg8+ Rxg8 29.Rg1 Ra8
30.Qc2 Qf6 31.Rg4 Nf2 32.Rg3 a4 33.b4 Be7 34.Nd4 Qxh4 35.Nf5 Qf6 36.Kc1 Nxh3
37.Nxe7 Qxe7 38.Rxh3 Qe6 39.Rg3 a3 40.Kb1 axb2 41.Qxb2 Qf6 42.Rg1 Kh7 43.Qd2 Qa6
44.Qb2 Qa3 45.Rd1 Qxb2+ 46.Kxb2 Rd8 47.c4 bxc4 48.Kc3 Kg6 49.Kd4 Kf5 50.Rh1 Rb8
51.Rxh6 Rxb4 52.Rh5+ Kg4 53.Rxd5 Kf3 54.Rh5 c3+ 55.Kxc3 Ra4 56.Rh3+ Ke2 57.f5 Ra5  1/2-1/2

[Event "XXVIII Open"]
[Site "Zalakaros HUN"]
[Date "2009.05.16"]
[Round "9"]
[White "Duong The Anh"]
[Black "Vukovic,Ivo"]
[Result "1-0"]
[WhiteElo "2434"]
[BlackElo "2286"]

1.d4 Nf6 2.Bg5 e6 3.e4 d6 4.Nc3 Be7 5.Nf3 h6 6.Bf4 d5 7.Bd3 a6 8.O-O c6 9.Re1 Nbd7
10.a3 Nf8 11.h3 N8h7 12.exd5 cxd5 13.Ne5 Bd7 14.b4 Rc8 15.Ne2 Ba4 16.Nc1 O-O
17.Nb3 Nd7 18.Nc5 Nxe5 19.Bxe5 Bxc5 20.bxc5 Re8 21.Rb1 Bc6 22.Re3 f6 23.Bd6 Qd7
24.Bg6 Red8 25.Qe1 Ng5 26.Bh2 Ba4 27.h4 Nh7 28.Rxe6 Nf8 29.Re7 Nxg6 30.Rxd7 Rxd7
31.Qe6+ Kh8 32.Rxb7 Nf8 33.Qxa6 Re8 34.Bd6 Rxb7 35.Qxb7 Ng6 36.c6 Nxh4 37.Qd7 Re1+
38.Kh2 Ng6 39.Qg4 Ne7 40.c7 f5 41.Qh4 Nc8 42.Be5  1-0

[Event "CICC Open"]
[Site "Calgary CAN"]
[Date "2009.05.18"]
[Round "8"]
[White "Moloney,N"]
[Black "Haessel,D"]
[Result "0-1"]
[WhiteElo "2210"]
[BlackElo "2203"]

1.d4 Nf6 2.Bg5 e6 3.e4 h6 4.Bxf6 Qxf6 5.Nc3 d6 6.Qd2 Nd7 7.f4 Qd8 8.Nf3 a6
9.O-O-O b5 10.a3 Bb7 11.d5 e5 12.f5 Be7 13.h4 Nf6 14.Bd3 c6 15.dxc6 Bxc6
16.Qe2 Qc7 17.Rhe1 Qb7 18.Nd2 Nd7 19.Qg4 Rg8 20.Nb3 a5 21.g3 b4 22.Nd5 bxa3
23.bxa3 Nf6 24.Nxf6+ Bxf6 25.Nd2 Ke7 26.Nc4 Rgd8 27.Kd2 Kf8 28.Rb1 Qc7 29.Nb6 Rab8
30.Nd5 Bxd5 31.exd5 Qc5 32.Rxb8 Rxb8 33.Re4 Qxd5 34.Qe2 Qc5 35.Rc4 Qxa3 36.Qe4 Kg8
37.Qd5 Rf8 38.Rc7 Qb4+ 39.c3 Qb6 40.Rb7 Qf2+ 41.Kd1 Qxg3 42.Bc4 Qg4+ 43.Ke1 Qxf5  0-1

[Event "Global Chess"]
[Site "Ulan Bator MGL"]
[Date "2009.05.20"]
[Round "3"]
[White "Erkhembayar,D"]
[Black "Sorensen,To"]
[Result "0-1"]
[WhiteElo "2343"]
[BlackElo "2401"]

1.d4 Nf6 2.Bg5 e6 3.Nf3 Be7 4.e3 O-O 5.Bd3 d5 6.O-O Nbd7 7.c4 dxc4 8.Bxc4 c5
9.dxc5 Nxc5 10.Qxd8 Rxd8 11.Nc3 Bd7 12.Rfd1 Kf8 13.Rac1 Be8 14.Rxd8 Rxd8
15.b4 Nd3 16.Bxd3 Rxd3 17.a3 a5 18.bxa5 Bxa3 19.Ne1 Bxc1 20.Nxd3 Bd2 21.Bxf6 gxf6
22.Ne4 Bxa5 23.Nxf6 Bb5 24.Ne5 Bd8 25.Nfd7+ Ke7 26.Nc5 b6  0-1

[Event "Global Chess"]
[Site "Ulan Bator MGL"]
[Date "2009.05.21"]
[Round "4"]
[White "Erkhembayar,D"]
[Black "Tuvshintugs,B"]
[Result "0-1"]
[WhiteElo "2343"]
[BlackElo "2286"]

1.d4 Nf6 2.Bg5 e6 3.Nf3 h6 4.Bh4 Be7 5.e3 b6 6.c4 Bb7 7.Be2 Ne4 8.Bxe7 Qxe7
9.O-O O-O 10.Nc3 d6 11.Rc1 Nd7 12.b4 f5 13.a4 Rad8 14.Bd3 Ng5 15.Nxg5 Qxg5
16.g3 Nf6 17.Rc2 Ng4 18.h3 Nxe3  0-1

[Event "Champions League CAA"]
[Site "Buenos Aires ARG"]
[Date "2009.05.23"]
[Round "4"]
[White "Airando,M"]
[Black "Blanco,Marc"]
[Result "0-1"]
[WhiteElo "2250"]
[BlackElo "2046"]

1.d4 Nf6 2.Bg5 e6 3.e4 d6 4.Nc3 Be7 5.Nf3 Nbd7 6.e5 Nd5 7.Bxe7 Qxe7 8.Qd2 dxe5
9.dxe5 Nxc3 10.Qxc3 Qc5 11.Qxc5 Nxc5 12.b4 Na4 13.Bb5+ Bd7 14.Bxa4 Bxa4 15.O-O-O a5
16.a3 axb4 17.axb4 Bc6 18.Nd4 Bxg2 19.Rhg1 Ra1+ 20.Kd2 Rxd1+ 21.Kxd1 Be4
22.f3 Bg6 23.Kd2 Ke7 24.Ra1 f6 25.exf6+ gxf6 26.Ra7 Rb8 27.c4 Kd6 28.Nb5+ Kc6
29.Nd4+ Kd6 30.Nb5+ Kc6 31.Nd4+ Kd7 32.Ke3 e5 33.Ne2 Bf7 34.Kd3 Kc6 35.Kc3 Kb6
36.Ra1 Rd8 37.Ng3 Rd4 38.c5+ Kc6 39.Ne4 Rc4+ 40.Kd3 Rxb4 41.Nxf6 Rf4 42.Ng4 Rxf3+
43.Ke4 Rf4+  0-1

[Event "TOP 16 Poule Haute"]
[Site "Le Port Marly FRA"]
[Date "2009.05.28"]
[Round "8"]
[White "Paci,C"]
[Black "Chabanon,JL"]
[Result "0-1"]
[WhiteElo "2301"]
[BlackElo "2454"]

1.d4 Nf6 2.Bg5 e6 3.e4 c5 4.d5 h6 5.Bxf6 Qxf6 6.Nc3 e5 7.d6 Bxd6 8.Nb5 Ke7
9.Qd2 Nc6 10.O-O-O Bb8 11.Nc3 Kf8 12.Nd5 Qd8 13.Ne2 d6 14.h4 Bc7 15.Ng3 Be6
16.f4 exf4 17.Qxf4 Ne5 18.Be2 c4 19.Nf5 Bxd5 20.Rxd5 Qf6 21.Qd2 Rd8 22.Rf1 g6
23.Ne3 Qxh4 24.Bxc4 Nxc4 25.Nxc4 Qxe4 26.Rd4 Qe7 27.Qc3 Rh7 28.Rfd1 b5 29.Nd2 f5
30.Nf3 Qf6 31.Qc6 Re7 32.Rd5 b4 33.Rb5 Qe6 34.Rb7 Bb6 35.Rxe7 Qxe7 36.Re1 Qf7
37.Qb5 Qxa2 38.Nh4 Qf7 39.Rf1 Bc5 40.Qd3 Kg7 41.Kb1 Re8 42.g4 Re3  0-1

[Event "XXXI Nezhmetdinov Mem"]
[Site "Kazan RUS"]
[Date "2009.06.04"]
[Round "5"]
[White "Mikheev,S"]
[Black "Sadykov,Ra"]
[Result "1/2-1/2"]
[WhiteElo "2319"]
[BlackElo "2168"]

1.d4 Nf6 2.Bg5 e6 3.Nf3 Be7 4.Nbd2 d5 5.e3 b6 6.Bd3 Bb7 7.O-O Nbd7 8.c3 O-O
9.Qc2 c5 10.Ne5 c4 11.Be2 Nxe5 12.dxe5 Nd7 13.Bf4 Qc7 14.Nf3 Rac8 15.Rad1 Bc6
16.h4 Qb8 17.h5 Bd8 18.Bg3 h6 19.Qd2 Bc7 20.Qd4 b5 21.Rd2 Bb6 22.Qg4 Bc7
23.Qf4 Rfe8 24.Qd4 Bb6 25.Qh4 Bc7 26.Qd4 Bb6 27.Qh4 Bc7 28.Qd4  1/2-1/2

[Event "Maia Chiburdanidze Cup"]
[Site "Tbilisi GEO"]
[Date "2009.06.06"]
[Round "2"]
[White "Tqeshelashvili,S"]
[Black "Muzychuk,M"]
[Result "0-1"]
[WhiteElo "2276"]
[BlackElo "2441"]

1.d4 Nf6 2.Bg5 e6 3.e4 h6 4.Bxf6 Qxf6 5.e5 Qd8 6.Nc3 d5 7.exd6 Bxd6 8.Ne4 Be7
9.Nf3 O-O 10.Bd3 Nd7 11.O-O b6 12.c3 Bb7 13.Re1 c5 14.Bc2 Rc8 15.Qd3 c4 16.Qe2 Bd5
17.Rad1 Qc7 18.Bb1 b5 19.Ng3 Rce8 20.Ne5 Bd6 21.Nf1 f5 22.f3 Nxe5 23.dxe5 Bc5+
24.Kh1 Rd8 25.Ng3 g6 26.Qc2 Bc6 27.Rxd8 Rxd8 28.Qc1 Kh7 29.Qf4 Qd7 30.Bc2 Qd2
31.Qxd2 Rxd2 32.Re2 Rd5 33.Nf1 b4 34.h4 Bb5 35.Nd2 Bb6 36.Kh2 Ba5 37.Nb1 b3  0-1

[Event "FSGM June"]
[Site "Budapest HUN"]
[Date "2009.06.10"]
[Round "5"]
[White "Nguyen Huynh Minh Huy"]
[Black "Solomon,K"]
[Result "1/2-1/2"]
[WhiteElo "2484"]
[BlackElo "2346"]

1.d4 Nf6 2.Bg5 e6 3.e3 d6 4.Nd2 Nbd7 5.Bd3 Be7 6.Ngf3 O-O 7.a4 a5 8.O-O Nd5
9.Bxe7 Qxe7 10.Re1 e5 11.c3 N7f6 12.Qc2 Re8 13.e4 Nf4 14.Bf1 Bg4 15.h3 Bxf3
16.Nxf3 c6 17.g3 Ng6 18.Rad1 h6 19.Nd2 Qc7 20.Nc4 exd4 21.cxd4 d5 22.e5 dxc4
23.exf6 gxf6 24.Bxc4 Kg7 25.h4 Qd7 26.Qb3 Rxe1+ 27.Rxe1 Qxd4 28.Qxb7 Ra7
29.Qb3 Ne5 30.Rc1 Qe4 31.Qc2 Qd4 32.b3 Rd7 33.Be2 Qb4 34.Rd1 Rxd1+ 35.Qxd1 Qc3
36.Kg2 c5 37.Qd5 Qb2 38.Bb5 Qc2 39.Bc4 h5 40.Ba6 Ng6 41.Qf3 Ne5 42.Qd5 Ng4  1/2-1/2

[Event "Maia Chiburdanidze Cup"]
[Site "Tbilisi GEO"]
[Date "2009.06.13"]
[Round "9"]
[White "Tereladze,S"]
[Black "Tandashvili,M"]
[Result "1-0"]
[WhiteElo "2276"]
[BlackElo "2055"]

1.d4 Nf6 2.Bg5 e6 3.e4 Be7 4.Bxf6 Bxf6 5.Nf3 d5 6.Bd3 c5 7.e5 Be7 8.c3 Nc6
9.a3 Qb6 10.b4 c4 11.Bc2 Bd7 12.O-O O-O-O 13.a4 Rdg8 14.a5 Qd8 15.Na3 Qf8
16.Nb5 g5 17.Qe2 h5 18.Nd2 Kb8 19.f4 gxf4 20.Rxf4 Bg5 21.Rf3 Qh6 22.Nf1 h4
23.Nd6 Nd8 24.a6 b6 25.Nxf7 Nxf7 26.Rxf7 Rg7 27.Qf3 Rhg8 28.h3 Be8 29.Rf8 Kc7
30.Kh1 Bh5 31.Qf2 Be7 32.Rxg8 Rxg8 33.Bd1 Rf8 34.Qe1 Bg6 35.Nh2 Be4 36.Bf3 Qf4
37.b5 Bg5 38.Ra2 Qg3 39.Qf2 Bf4 40.Nf1 Qg5 41.Bxe4 dxe4 42.Qe2 Qf5 43.Qxc4+ Kd8
44.Rf2 Rg8 45.Qc6 Qg6 46.Qa8+ Ke7 47.Qxa7+ Ke8 48.Qb8+ Ke7 49.Qc7+ Ke8 50.a7  1-0

[Event "TCh-BUL"]
[Site "Sunny Beach BUL"]
[Date "2009.06.14"]
[Round "7"]
[White "Mladenov,P"]
[Black "Bojkov,D"]
[Result "1/2-1/2"]
[WhiteElo "2364"]
[BlackElo "2512"]

1.d4 Nf6 2.Bg5 e6 3.e4 c5 4.d5 d6 5.Nc3 a6 6.a4 Be7 7.Nf3 O-O 8.dxe6 Bxe6
9.Be2 Nc6 10.O-O h6 11.Bf4 Nb4 12.Qd2 Qb6 13.a5 Qc6 14.e5 Ne8 15.exd6 Bxd6
16.Bxd6 Nxd6 17.Rfd1 Rad8 18.Na4 Rfe8 19.c3 Bb3 20.cxb4 Bxa4 21.Rdc1 Nc8
22.Bd3 Bb5 23.Bxb5 axb5 24.Rxc5 Rxd2 25.Rxc6 Rxb2 26.Rc7 Nd6 27.Rd7 Re6 28.h3 Rxb4
29.Rd1 Nc4 30.Rxb7 Nxa5 31.Rb8+ Kh7 32.Rd5  1/2-1/2

[Event "13th FIDE Open"]
[Site "Voronezh RUS"]
[Date "2009.06.18"]
[Round "7"]
[White "Provkin,V"]
[Black "Gutyakulov,A"]
[Result "1-0"]
[WhiteElo "2254"]
[BlackElo "2003"]

1.d4 Nf6 2.Bg5 e6 3.e4 h6 4.Bxf6 Qxf6 5.c3 c5 6.d5 d6 7.Bb5+ Bd7 8.a4 Be7
9.Nf3 O-O 10.O-O exd5 11.Qxd5 Bc6 12.Qd3 Rd8 13.Re1 d5 14.e5 Qe6 15.Nbd2 Nd7
16.Rad1 Rac8 17.Nf1 Nb6 18.b3 c4 19.Qc2 Bxb5 20.axb5 cxb3 21.Qxb3  1-0

[Event "4th Polonia Wroclaw Open A"]
[Site "Warsaw POL"]
[Date "2009.06.25"]
[Round "8"]
[White "Rajlich,I"]
[Black "Lahiri,A"]
[Result "1-0"]
[WhiteElo "2424"]
[BlackElo "2332"]

1.d4 Nf6 2.Bg5 e6 3.Nf3 c5 4.e3 Be7 5.Nbd2 O-O 6.c3 b6 7.Bd3 Bb7 8.Qb1 h6
9.Bxf6 Bxf6 10.h4 cxd4 11.cxd4 Re8 12.Ne4 Be7 13.g4 f5 14.gxf5 exf5 15.Ned2 Bb4
16.Qd1 Na6 17.Bxa6 Bxd2+ 18.Kxd2 Bxa6 19.Qb3+ Re6 20.Rag1 Bb7 21.Rh3 Bxf3
22.Rxf3 Qxh4 23.Qd5 Rf8 24.Qxd7 Qe7 25.Qd5 Kh8 26.Rxf5 Rxf5 27.Qxf5 Rf6 28.Qe5 Rxf2+
29.Kc3 Qd7 30.Kb3 Qf7+ 31.Ka3 Qf8+ 32.Kb3 Qf7+ 33.d5 Rd2 34.e4 Qf3+ 35.Ka4 Qf7
36.Rc1 b5+ 37.Ka5 Rf2 38.Rc7 Qg6 39.Rc8+ Kh7 40.Qe6 Qg5 41.Qg8+ Kg6 42.Qe8+ Kh7
43.Qg8+ Kg6 44.Rc6+ Kh5 45.Qc8 Rf3 46.d6 Qd2+ 47.Ka6 Qxb2 48.d7 Qa3+ 49.Kb7 Rf7
50.Ka8  1-0

[Event "IM Tespo Engineering"]
[Site "Brno CZE"]
[Date "2009.06.26"]
[Round "1"]
[White "Pisk,P"]
[Black "Cip,D"]
[Result "1/2-1/2"]
[WhiteElo "2324"]
[BlackElo "2200"]

1.d4 Nf6 2.Bg5 e6 3.e4 h6 4.Bxf6 Qxf6 5.c3 d6 6.Bd3 g6 7.Ne2 Bg7 8.O-O O-O
9.f4 Qe7 10.Nd2 c5 11.dxc5 dxc5 12.e5 Rd8 13.Be4 Qc7 14.Qe1 Nc6 15.Nf3 Qb6
16.h4 h5 17.Rb1 Bd7 18.Ng5 Qa6 19.a3 Ne7 20.Ng3 Bb5 21.Rf2 Nf5 22.Nxf5 exf5
23.Bc2 c4 24.Kh2 Qb6 25.Re2 Re8 26.Rd1 Rad8 27.Red2 Rxd2 28.Qxd2 Bc6 29.Bb1 f6
30.exf6 Bxf6 31.Ba2 Qc5 32.Re1 Rxe1 33.Qxe1 Qd5 34.Qe2  1/2-1/2

[Event "Open"]
[Site "Pula CRO"]
[Date "2009.06.27"]
[Round "1"]
[White "Brumen,D"]
[Black "Mrvicin,M"]
[Result "1-0"]
[WhiteElo "2355"]
[BlackElo "1999"]

1.d4 Nf6 2.Bg5 e6 3.e3 c5 4.c3 h6 5.Bh4 cxd4 6.exd4 Be7 7.Nf3 O-O 8.Bd3 d6
9.O-O Nbd7 10.Re1 b6 11.Nbd2 Bb7 12.a4 Nh5 13.Bg3 Nxg3 14.hxg3 Nf6 15.a5 Ng4
16.Qb3 Bf6 17.axb6 axb6 18.Rxa8 Bxa8 19.Nc4 Bd5 20.Qxb6 Bxc4 21.Qxd8 Rxd8
22.Bxc4 Ra8 23.Nd2 d5 24.f3 Bg5 25.f4 Bd8 26.Be2 Nf6 27.Bf3 Ra2 28.Rb1 Ba5
29.Nb3 Bb6 30.Nc1 Ra8 31.Nd3 Nd7 32.Kf1 Kf8 33.f5 Ke7 34.Re1 Kd6 35.Nf4 Nf8
36.Bg4 Re8 37.b4 e5 38.dxe5+ Rxe5 39.Rd1 Be3 40.c4 d4 41.Ne2 h5 42.Nxd4 Bxd4
43.Rxd4+ Kc7 44.Bxh5 Rxf5+ 45.Bf3 Ne6 46.Rd5 Rf6 47.c5 Rg6 48.b5 Rxg3 49.b6+ Kb8
50.c6 Rg5 51.c7+ Kc8 52.Rxg5 Nxg5 53.Be2  1-0

[Event "37th Greek Teams"]
[Site "Kallithea GRE"]
[Date "2009.07.04"]
[Round "1"]
[White "Parginos,V"]
[Black "Tsagaropoulos,Spyri"]
[Result "1-0"]
[WhiteElo "2196"]
[BlackElo "2059"]

1.d4 Nf6 2.Bg5 e6 3.e4 h6 4.Bxf6 Qxf6 5.c3 Qg6 6.Nd2 d5 7.e5 c5 8.h4 Nc6
9.Rh3 cxd4 10.Bd3 Qxg2 11.Rg3 Qh1 12.Nf3 dxc3 13.bxc3 Nxe5 14.Nxe5 Qxh4 15.Bb5+ Ke7
16.Qb3 g6 17.Rg4 Qf6 18.Ngf3 h5 19.Ra4 g5 20.Qb4+ Kd8 21.Qd4 Kc7 22.c4 a5
23.cxd5 Bg7 24.Rc1+ Kb8 25.Qb6  1-0

[Event "8th Open"]
[Site "La Fere FRA"]
[Date "2009.07.04"]
[Round "1"]
[White "Manolache,M"]
[Black "Noordhoek,H"]
[Result "1-0"]
[WhiteElo "2479"]
[BlackElo "2080"]

1.d4 Nf6 2.Bg5 e6 3.Nd2 d5 4.Ngf3 Be7 5.c3 h6 6.Bh4 O-O 7.e3 b6 8.Ne5 Nfd7
9.Bxe7 Qxe7 10.Nd3 c5 11.Qf3 Ba6 12.g4 Nc6 13.Nf4 Bxf1 14.Kxf1 Qf6 15.h4 cxd4
16.exd4 Rfe8 17.Re1 Nxd4 18.cxd4 Qxd4 19.Nb3 Qxb2 20.g5 hxg5 21.hxg5 Qc2
22.Re2 Qf5 23.g6 e5 24.Qxd5 Kf8 25.gxf7 Qxf7 26.Qd6+ Kg8 27.Ng6 Qf6 28.Rh8+ Kf7
29.Qxd7+  1-0

[Event "ch-BEL Expert"]
[Site "Namur BEL"]
[Date "2009.07.04"]
[Round "1"]
[White "Vandenbussche,T"]
[Black "Sarrau,J"]
[Result "1/2-1/2"]
[WhiteElo "2282"]
[BlackElo "2229"]

1.d4 Nf6 2.Bg5 e6 3.Nd2 h6 4.Bh4 c5 5.e3 b6 6.Ngf3 Bb7 7.Bd3 Be7 8.O-O cxd4
9.exd4 Nh5 10.Be4 Bxe4 11.Nxe4 d5 12.Bxe7 Qxe7 13.Ne5 Nf6 14.Nxf6+ Qxf6 15.c4 O-O
16.Rc1 Qd8 17.Qf3 Nd7 18.cxd5 Nxe5 19.dxe5 Qxd5 20.Qxd5 exd5 21.Rc7 Rae8
22.Re1 Re6 23.Rxa7 Rc8 24.f4 f6 25.Kf2 fxe5 26.Rxe5 Rxe5 27.fxe5 Rc2+ 28.Kf3 Rxb2
29.e6 Kf8 30.Kf4 Re2 31.Kf5 d4 32.Rf7+ Ke8 33.Rxg7 d3 34.Rg8+ Ke7 35.Rg7+ Ke8
36.Rd7 Rf2+ 37.Ke4 Rxg2 38.Rxd3 Ke7 39.Rd7+ Kxe6 40.Rb7 Rxh2 41.Rxb6+ Kd7  1/2-1/2

[Event "Brama Lubawska"]
[Site "Lubawka POL"]
[Date "2009.07.05"]
[Round "9"]
[White "Stepinski,S"]
[Black "Hajnrych,J"]
[Result "0-1"]
[WhiteElo "1992"]
[BlackElo "1984"]

1.d4 Nf6 2.Bg5 e6 3.Nd2 d5 4.e3 Be7 5.Ngf3 O-O 6.c4 h6 7.Bh4 Ne4 8.Bxe7 Qxe7
9.a3 f5 10.Ne5 Qf6 11.Qh5 Bd7 12.Qg6 Qe7 13.Nxd7 Nxd7 14.Nxe4 fxe4 15.Qg3 c5
16.dxc5 Qf6 17.Rb1 Nxc5 18.cxd5 exd5 19.Be2 Nb3 20.Bd1 Qb6 21.Bxb3 Qxb3 22.O-O Rac8
23.Qe5 Rc2 24.Qd4 Qd3 25.Rbd1 Qxd4 26.Rxd4 Rd8 27.Rb4 Rd7 28.Rd1 Kf7 29.f3 exf3
30.gxf3 Ke6 31.e4 d4 32.Rbxd4 Rxd4 33.Rxd4 Rxb2 34.f4 Ra2 35.a4 g5 36.Rb4 gxf4
37.Rxb7 Rxa4 38.Rh7 Ke5 39.Re7+ Kf6 40.Rh7 Kg6 41.Re7 Ra2 42.Re6+ Kg5 43.h3 f3
44.e5 Kf4 45.Rf6+ Kg3 46.Rg6+ Kxh3 47.Rxh6+ Kg3 48.Rg6+ Kf4 49.e6 Re2 50.Rf6+ Ke3
51.e7 Re1+ 52.Kh2 Kf2 53.Ra6 Rxe7 54.Ra2+ Ke3 55.Ra3+ Ke4 56.Ra4+ Kd5 57.Kg3 Rf7
58.Kf2 Kc5 59.Ra1 Kb6 60.Rb1+ Kc7 61.Rc1+ Kb7 62.Rb1+ Ka8 63.Ra1 Rf5 64.Ra3 a5
65.Ra1 Kb7 66.Ke3 f2 67.Rf1 Kc6 68.Kd4 Kb5 69.Kc3 Rf3+  0-1

[Event "8th Open"]
[Site "La Fere FRA"]
[Date "2009.07.06"]
[Round "4"]
[White "Bannink,B"]
[Black "Nanu,C"]
[Result "1/2-1/2"]
[WhiteElo "2277"]
[BlackElo "2535"]

1.d4 Nf6 2.Bg5 e6 3.e4 h6 4.Bxf6 Qxf6 5.Nc3 d6 6.Qd2 Qe7 7.O-O-O Nd7 8.f4 Nb6
9.Kb1 Bd7 10.Nf3 O-O-O 11.Bd3 Kb8 12.Rhe1 g6 13.e5 d5 14.g4 c5 15.f5 c4 16.f6 Qe8
17.Bf1 Bb4 18.a3 Bf8 19.Qe3 Rc8 20.Kc1 Qd8 21.h4 Na4 22.Nd2 Nxc3 23.Qxc3 b5
24.Nb1 Qb6 25.b4 cxb3 26.Qxb3 b4 27.Re3 Qa5 28.Rc3 Rxc3 29.Nxc3 Ka8 30.Na2 Ba4
31.axb4 Bxb3 32.bxa5 Bxa2 33.Kb2 Bb4 34.Kxa2 Bxa5 35.c4  1/2-1/2

[Event "FSGM July"]
[Site "Budapest HUN"]
[Date "2009.07.07"]
[Round "4"]
[White "Jugelt,T"]
[Black "Fogarasi,T"]
[Result "1/2-1/2"]
[WhiteElo "2398"]
[BlackElo "2419"]

1.d4 Nf6 2.Bg5 e6 3.e3 c5 4.Nd2 cxd4 5.exd4 Be7 6.c3 Nc6 7.Ngf3 Nd5 8.Bxe7 Ncxe7
9.c4 Nf6 10.Bd3 b6 11.Ne4 Nxe4 12.Bxe4 d5 13.cxd5 exd5 14.Bd3 O-O 15.O-O Bf5
16.Bxf5 Nxf5 17.Qb3 Rc8 18.Rac1 Qd6 19.g3 g6  1/2-1/2

[Event "19th Heart of Finland Open"]
[Site "Jyvaskyla FIN"]
[Date "2009.07.08"]
[Round "2"]
[White "Anttila,P"]
[Black "Luukkonen,T"]
[Result "0-1"]
[WhiteElo "2057"]
[BlackElo "2306"]

1.d4 Nf6 2.Bg5 e6 3.e3 h6 4.Bh4 c5 5.Nd2 b6 6.Bd3 Bb7 7.Ngf3 Be7 8.O-O O-O
9.Qe2 cxd4 10.Nxd4 d6 11.e4 Nbd7 12.Ba6 Qc8 13.Bxb7 Qxb7 14.Rad1 Rfe8 15.Bg3 Rac8
16.c3 a6 17.Rfe1 b5 18.N2b3 Nc5 19.Nxc5 dxc5 20.Nb3 c4 21.Nd4 b4 22.Nf3 a5
23.Rd4 Qb5 24.Ne5 Rc5 25.f4 Rec8 26.h3 g6 27.Bh2 Nh5 28.Red1 Bf6 29.g4 Nxf4
30.Bxf4 Bxe5 31.Bxh6 bxc3 32.bxc3 Bxd4+ 33.cxd4 c3 34.Qf2 c2 35.Rc1 Qd3 36.dxc5 Qxh3
37.Be3 Qxg4+ 38.Qg2 Qd1+ 39.Kh2 Rxc5 40.Qd2 Qh5+ 41.Kg3 Qe5+ 42.Kf2 Qh2+
43.Ke1 Qh1+ 44.Ke2 Qxe4 45.Qd3 Qg2+ 46.Ke1 Rh5 47.Bf2 Rh1+ 48.Ke2 Qg4+  0-1

[Event "37th Greek Teams"]
[Site "Kallithea GRE"]
[Date "2009.07.08"]
[Round "8"]
[White "Papadakis,M"]
[Black "Vragoteris,A"]
[Result "1-0"]
[WhiteElo "2123"]
[BlackElo "2266"]

1.d4 Nf6 2.Bg5 e6 3.e4 h6 4.Bxf6 Qxf6 5.c3 d6 6.Bd3 g6 7.Ne2 e5 8.O-O g5
9.Nd2 Nc6 10.Bb5 a6 11.Bxc6+ bxc6 12.dxe5 dxe5 13.Nc4 h5 14.Qa4 Bd7 15.Rad1 h4
16.Rd3 g4 17.f4 gxf3 18.Rdxf3 Bc5+ 19.Kh1 Qg5 20.Qa5 Rg8 21.g3 Bd6 22.Nxd6+ cxd6
23.Qc7 Rc8 24.Qxd6 Be6 25.Rf6 Qg4 26.Qxe5 Rg5 27.Qf4 Qxf4 28.gxf4 Ra5 29.Nd4 Bc4
30.Ra1 Bd3 31.Kg1 c5 32.Nf5 Rb8 33.Nd6+ Ke7 34.e5 Rxb2 35.f5 h3 36.Rxf7+ Kd8
37.e6 Rg2+ 38.Kh1 Re2 39.Rd7+  1-0

[Event "1st WCT GM"]
[Site "Moscow RUS"]
[Date "2009.07.11"]
[Round "8"]
[White "Zlochevskij,A"]
[Black "Filinberg,D"]
[Result "1-0"]
[WhiteElo "2491"]
[BlackElo "2343"]

1.d4 Nf6 2.Bg5 e6 3.e4 h6 4.Bxf6 Qxf6 5.Nc3 d6 6.Qd2 c6 7.g3 d5 8.Bg2 dxe4
9.Nxe4 Qd8 10.Ne2 Be7 11.O-O-O Nd7 12.Kb1 Nf6 13.c4 Qc7 14.N2c3 O-O 15.Rhe1 Nxe4
16.Bxe4 Bf6 17.Qe3 Rd8 18.Rd2 b6 19.f4 Ba6 20.b3 Rac8 21.Red1 Bb7 22.Bf3 Be7
23.h4 Bb4 24.Rc2 Bxc3 25.Rxc3 c5 26.Rcd3 cxd4 27.Rxd4 Bxf3 28.Qxf3 Rxd4 29.Rxd4 Rd8
30.Qd3 Rxd4 31.Qxd4 Qc6 32.Qd8+ Kh7 33.Qd3+ g6 34.Kb2 h5 35.b4 Kg7 36.Kb3 a6
37.a4 Qg2 38.Qc3+ Kf8 39.a5 bxa5 40.bxa5 Ke7 41.Qe3 Kd6 42.Qd4+ Kc7 43.Qb6+ Kd7
44.Qa7+ Kd8 45.Qb6+ Kd7 46.Qd4+ Kc6 47.Kb4 Qxg3 48.Qb6+ Kd7 49.Qb7+ Kd8 50.Qxa6 Qxf4
51.Qb6+ Ke8 52.Kb5 g5 53.a6 Qf5+ 54.Kc6 Qe4+ 55.Kd6  1-0

[Event "Matskevich Mem GM"]
[Site "Kharkiv UKR"]
[Date "2009.07.12"]
[Round "4"]
[White "Shpagin,V"]
[Black "Abasov,N"]
[Result "0-1"]
[WhiteElo "2362"]
[BlackElo "2505"]

1.d4 Nf6 2.Bg5 e6 3.e4 h6 4.Bxf6 Qxf6 5.Nc3 Bb4 6.Qd2 O-O 7.O-O-O d5 8.e5 Qe7
9.f4 c5 10.Nf3 Nc6 11.a3 cxd4 12.Nxd4 Bc5 13.Nb3 a6 14.Nxc5 Qxc5 15.h4 b5
16.Rh3 Rb8 17.g4 b4 18.Ne2 a5 19.h5 Ba6 20.a4 Rfc8 21.g5 b3 22.Rc3 Bc4 23.gxh6 Nb4
24.cxb3 Bd3 25.Re1 Na2+ 26.Kd1 Bxe2+ 27.Bxe2 Nxc3+ 28.bxc3 Rxb3 29.h7+ Kh8  0-1

[Event "12th Open"]
[Site "Malaga ESP"]
[Date "2009.07.14"]
[Round "5"]
[White "Fomani,M"]
[Black "Ortega Ruiz,J"]
[Result "0-1"]
[WhiteElo "2036"]
[BlackElo "2344"]

1.d4 Nf6 2.Bg5 e6 3.e4 h6 4.Bxf6 Qxf6 5.Nc3 a6 6.Qd2 b5 7.a3 Bb7 8.Nf3 g5
9.e5 Qe7 10.h3 d6 11.Bd3 Nd7 12.Be4 d5 13.Bd3 c5 14.O-O cxd4 15.Ne2 Bg7 16.Nexd4 Nxe5
17.Rfe1 Nxf3+ 18.Nxf3 Bxb2 19.Rab1 Qxa3 20.Qe3 Bf6 21.Ne5 Qd6 22.Ng4 Bg7
23.Qf3 Qf4 24.Qe2 O-O 25.g3 Qd6 26.Nh2 e5 27.Rbd1 f5 28.Qh5 e4 29.Bf1 Kh7
30.c4 d4 31.cxb5 d3 32.bxa6 Rxa6 33.Rb1 Bd5 34.Bg2 Bd4 35.Nf1 Ra2 36.Ne3 Bxe3
37.Rxe3 Qg6 38.Qd1 f4 39.Rxd3 exd3 40.Bxd5 Ra7 41.Qf3 Re7 42.g4 d2 43.Rf1 Rd8
44.Bb3 Kg7 45.Qc3+ Qf6 46.Qc4 f3 47.Bd1 Re1 48.Qc7+ Qe7 49.Qc3+ Qf6 50.Qc7+ Kh8
51.Qc2 Qd4 52.Qc6 Kg7 53.Qc7+ Rd7 54.Qc6 Rde7 55.Bxf3 d1=Q  0-1

[Event "Canadian Open"]
[Site "Edmonton CAN"]
[Date "2009.07.16"]
[Round "6"]
[White "Haynes,N"]
[Black "Zilberstein,Dm"]
[Result "1/2-1/2"]
[WhiteElo "2170"]
[BlackElo "2394"]

1.d4 Nf6 2.Bg5 e6 3.e4 h6 4.Bxf6 Qxf6 5.c3 d5 6.Nd2 c5 7.dxc5 Bxc5 8.Ngf3 O-O
9.Bd3 Nc6 10.Qe2 Bd6 11.O-O Bc7 12.Rfe1 dxe4 13.Bxe4 Bd7 14.Nb3 Qe7 15.Rad1 Rfd8
16.Nbd4 Nxd4 17.Nxd4 Rab8 18.Qf3 Qf6 19.b3 Qxf3 20.Nxf3 Be8 21.Rxd8 Bxd8
22.Rd1 Be7 23.c4 g5 24.g4 Kg7 25.Kf1 Kf6 26.Rc1 Bc5 27.Ke2 b6 28.Rc2 Rc8
29.Rd2 Bb4 30.Rc2 a5 31.Bb7 Rc7 32.Be4 Rc8 33.Bb7 Rd8 34.Rc1 Bc5 35.Be4 a4
36.Rb1 axb3 37.axb3 Bb4 38.Ra1 b5 39.Ra7 h5 40.h3 hxg4 41.hxg4 bxc4 42.bxc4 Rc8
43.Ra8 Rxc4 44.Bd3 Bb5 45.Bxc4 Bxc4+ 46.Ke3 Bc5+ 47.Kd2 Bd5 48.Rc8 Bxf2 49.Ke2 Bg3
50.Rg8 Bf4 51.Rd8 Bc4+ 52.Kf2 e5 53.Ne1 Ke7 54.Rd1 Be6 55.Kf3 e4+ 56.Kxe4 Bxg4
57.Ra1 Be6 58.Ra5 Kf6 59.Ng2 Bd2 60.Ra6 Kg6 61.Rc6 Kh5 62.Rc2 Ba5 63.Ne3 Kg6
64.Rc6 Bd2 65.Nf5 Bf4 66.Nd4 Kf6  1/2-1/2